| 000 | 00575nam a2200205Ia 4500 | ||
|---|---|---|---|
| 001 | 111003 | ||
| 010 | _a(Brochado) | ||
| 090 | _a111003 | ||
| 100 | _a20220927 frey50 | ||
| 101 | _apor | ||
| 200 | _a<Os> Lusíadas contados às crianças e lembrados ao povo | ||
| 205 | _a16ª ed. | ||
| 210 | _aLisboa | ||
| 215 |
_a215 p. _cbrochado _d21 cm |
||
| 225 | _aColecção os grandes livros da humanidade | ||
| 606 |
_aLiteratura Portuguesa _96 |
||
| 675 |
_a821.134.3-3 _vPT _zpor |
||
| 700 |
_aBarros _f1496-1570 _92351 _bJoão de |
||
| 830 |
_cFernando _fFernando |
||
| 990 | _cLIVROS | ||